Tratado de Derecho Administrativo (Record no. 70995)

MARC details
000 -LEADER
campo de control de longitud fija 00496nam a2200169 i 4500
001 - NÚMERO DE CONTROL
campo de control 70995
003 - IDENTIFICADOR DE NÚMERO DE CONTROL
campo de control ES-MaACL
007 - CAMPO FIJO DE DESCRIPCIÓN FÍSICA--INFORMACIÓN GENERAL
campo de control de longitud fija t|
008 - DATOS DE LONGITUD FIJA--INFORMACIÓN GENERAL
campo de control de longitud fija 040804s1929 sp ||||1| spa d
100 1# - ENTRADA PRINCIPAL--NOMBRE DE PERSONA
Nombre de persona Gascón y Marín, José.
9 (RLIN) 55866
245 10 - MENCIÓN DEL TÍTULO
Título Tratado de Derecho Administrativo
Resto del título : principios y legislación española /
Mención de responsabilidad, etc. por José Gascón y Marín.
250 ## - MENCION DE EDICION
Mención de edición 4ª ed. rev.
260 ## - PUBLICACIÓN, DISTRIBUCIÓN, ETC.
Lugar de publicación, distribución, etc. [S.l. :
Nombre del editor, distribuidor, etc. s.n.,
Fecha de publicación, distribución, etc. 1929]
300 ## - DESCRIPCIÓN FÍSICA
Extensión 560 p. ;
Dimensiones 24 cm.
500 ## - NOTA GENERAL
Nota general Es el T. I.
852 ## - LOCALIZACIÓN
Ubicación ES-MaACL
Número de control de estantería C-7213
Holdings
Estatus retirado Estado de pérdida Estado de daño No para préstamo Biblioteca de origen Biblioteca actual Ubicación en estantería Fecha de adquisición Fuente de adquisición Total de préstamos Signatura topográfica completa Código de barras Visto por última vez Precio de reemplazo Tipo de ítem Koha
        Biblioteca del Ateneo de Madrid Biblioteca del Ateneo de Madrid Sala Palomar 17/01/2008     C-7213 1074342 23/02/2023 23/02/2023 Libro impreso